Instituciones informales y desarrollo económico : el rol del crédito en el sector rural /

Guardado en:
Otros Autores: Amelong, Teresa Inés. (Disertante), London, Silvia. (Orientador)
Formato: Manuscrito
Idioma:Spanish
Publicado: 2006.
Materias:
Etiquetas: Agregar Etiqueta
Sin Etiquetas, Sea el primero en etiquetar este registro!
LEADER 00978ntm a22002535a 4500
001 EEO.eeo001095
008 070917s2006####ag#####g#bm###000#0#spa#d
005 20141212085951.0
245 1 0 |a Instituciones informales y desarrollo económico :  |b el rol del crédito en el sector rural /  |c Amelong Tersa Inés. 
260 |c 2006. 
300 |a 68 h. ;  |c 30 cm. 
502 |a Tesis (licenciatura)--Universidad Nacional del Sur. Departamento de Economía, 2006. 
500 |a Director de tesis: Silvia London. 
504 |a Bibliografía: (p. 64-68). 
100 1 |a Amelong, Teresa Inés.  |4 dis 
700 1 |a London, Silvia.  |4 ths 
710 2 |a Universidad Nacional del Sur.  |b Departamento de Economía  |4 dgg 
650 7 |a Crédito agrícola.  |2 Isoc 
650 7 |a Sector informal.  |2 Isoc 
650 7 |a Desarrollo económico.  |2 Isoc 
653 |a Instituciones 
653 |a Tesis-Lic. en economía 
040 |a AR-BaUEB  |b spa  |c AR-BaUEB 
859 |a AR-BaUEB  |b BIB. ECONOMIA - General  |h I-UNS-T161  |p e13991